1980's Pop Culture Icons - Can You Name Them All? - Statistics

General Stats
  • This quiz has been taken 39 times
    38 since last reset
  • The average score is 15 of 30
Answer Stats
Picture Answer % Correct
Cyndi Lauper
82%
ET
82%
Mr. T
82%
Alf
79%
Margaret Thatcher
79%
Hulk Hogan
76%
Patrick Swayze
73%
Billy Idol
70%
Boy George
70%
Earvin "Magic" Johnson
61%
Sade
58%
Joan Collins
55%
Barbara Bush
52%
Johnny Carson
52%
Larry Hagman
52%
Grace Jones
48%
David Lee Roth
45%
Pee-Wee Herman - Paul Reubens
45%
Dan Quayle
39%
Matt Dillon
39%
Corey Feldman
36%
Tammy Faye Messner-Bakker
33%
Alan Thicke
27%
Andrew McCarthy
27%
Christie Brinkley
27%
Debbie Gibson
27%
Justine Bateman
24%
Steve Guttenberg
24%
Charlotte Rae
12%
Jody Watley
9%
No matching quizzes found
Score Distribution
Percent of People with Each Score
Percentile by Number Answered
Your Score History
You have not taken this quiz since the last reset